000
00259nam a22001097a 4500
082
_a
909 AFZ'C
100
_a
AFZEL, IQBAL DR
_9
67350
245
_a
CONTEMPORARY MUSLIM WORLD
260
_a
RAWALPINDI
_b
ARMY EDUCATION PRESS
_c
1993
300
_a
485P
942
_c
BK
999
_c
575152
_d
575152